MDQL
is popping MORE tags! Check the
thread
!
Quizzes
Events
Quiz Creation
Community
Videos
Private Events
Remove Ads
Sign In
Join for FREE
Feedback
Dark Mode
Quiz Categories
Sports
Geography
Music
Movies
Television
Just For Fun
Miscellaneous
History
Literature
Language
Science
Gaming
Entertainment
Religion
Holiday
For Kids
Quiz Lab
Recent
Popular Today
Quiz Kudos Today
Editor Picks
Curator Picks
Quizzes by...
Day
Popularity
Type
Ratings
Length
Year
Community
Subscriptions
Recent Discussions
Orange Saloon
Badges
Playlists
Quests
Create
Leaderboards
Showdown
Live 5
Trivia Bingo
Activity
Puzzle Library
Sporcle Events
Private Events
Virtual Trivia
Globe League
Become a Host
Pub Owners
SporcleCon
Opinionation
Our Games
Videos
Blog
Mobile Apps
Partnerships
Remove Ads and Go Orange
Feedback
Music
Pop Music
The Beatles
Song
Album
Lyrics
Bands
Singers
Artist
Clip
Rock
Rap
Classical
Billboard
Country Music
Kpop
Taylor Swift
Music
Pop Music
The Beatles
Song
Album
Lyrics
Bands
Singers
Artist
Clip
Rock
Rap
Classical
Billboard
Country Music
Kpop
Taylor Swift
Random Quiz
Search Sporcle
×
Quiz Lab
Quiz Lab
Music
Kpop
Type answers based on single images at one time
Type answers based on single images at one time
Slideshow
Best Score? Go Orange.
Guess The Kpop Group Stats
Can you name these Kpop Groups ?
By
lemusdeicy
15m
40 Questions
2,335 Plays
2,335 Plays
2,335 Plays
Comments
Comments
Give Quiz Kudos
Give Quiz Kudos
-
- Ratings
hide this ad
Replay
Link that replays current quiz
Next Quiz
Link to next quiz in quiz playlist
You Got
0%
They Got
Avg Score
72%
Avg Friend Score
Upgrade to see
Score Distribution
Jump to the score distribution portion of the page
Score
0/40
Timer
15:00
0
Plays Today
% Correct
Exo
97.2%
Bts
96.9%
Twice
95.1%
Got7
94.6%
Blackpink
93.9%
Girl's Generation
92.3%
Sistar
88.6%
F(x)
87.7%
2ne1
86.7%
Super Junior
86.5%
Seventeen
85.3%
AOA
84.3%
Shinee
84.2%
I.O.I
80%
Vixx
79.7%
Exid
78.8%
Btob
78.6%
Ikon
78.3%
Big Bang
78.1%
Block B
77.2%
% Correct
Infinite
74.6%
Red Velvet
74.5%
Astro
74.3%
GFriend
73.5%
Nct
73.4%
Monsta X
73.2%
Miss A
71.9%
Winner
71.7%
CNBlue
71.3%
Kard
70.3%
Apink
70.2%
2pm
67.1%
Mamamoo
66.8%
Girl's Day
66.7%
B1A4
60.5%
After School
52.8%
15&
52.5%
Oh My Girl
50.4%
CLC
49.6%
Day6
39.5%
Quiz Playlist
Details
Report
Send in Message
Add To Playlist
Slideshow:
Type answers based on single images at one time
Last Updated: Jul 18, 2017
Quiz Scoreboard
CHALLENGE
Sign Up to Join the Scoreboard
Show All
Scores
Hide
Comments
May contain spoilers
Recently Published
1-10 Letter E Words III
by El_Dandy
Language
2m
Street Fighter Characters
by Artimus82
Gaming
60s
College Basketball Coaching Resumes
by pancakes188
Sports
9m
More to Explore
Quiz From the Vault
Featured Blog Post
Where Did the Easter Bunny Come From?
hide this ad
You Might Also Like...
Tags
Kpop Quiz
Boy Groups
Girl Groups
Kpop Quiz
Today's Top Quizzes in Music
Browse Music
hide this ad
Today's Top Quizzes in Kpop
Browse Kpop
Top Contributed Quizzes in Music
1
Taylor Swift All Songs (2024)
2
Taylor Swift Logic Puzzle
3
Guess the Artist- 70s Songs
4
7-to-1: Billboard Hot 100 #1 Hits of 2010s
5
Sorting Albums and Songs
6
KPOP LOGIC QUIZ
7
Billboard Blitz: Aretha Franklin
8
Guess the Taylor Swift song (Mystery Song)
9
Guess The Taylor Swift Lyrics Song #1
10
Billboard Blitz: ABBA
Explore More
Trending Topics
NBA
Marvel
Harry Potter
Kpop
Crossword
Disney
Anime
Puzzle
Pokémon
Country
Soccer
The Office
Song
WWE
NFL
hide this ad
More By:
lemusdeicy
Quiz
Plays
Rating
Category
Featured
Created
Guess The Wanna One Member (picture click)
9,458
5.00
Music
Aug 4, 2017
Guess The Kpop Group
2,335
4.29
Music
Dec 29, 2016
Guess The Kpop Group Lightstick
2,012
4.00
Music
Jun 21, 2017
Guess The Kpop Boygroup
1,738
3.43
Music
Dec 23, 2016
Guess The Kpop Girlgroup
1,433
3.25
Music
Dec 27, 2016
Go to Creator's Profile
Score Distribution
Quiz Creator Spotlight
lemusdeicy
Follow
Send a Message
Quizzes Created
-
Created Quiz Play Count
-
More By This Creator
Popular Quizzes Today
1
Find the US States - No Outlines Minefield
2
Find the Countries of Europe - No Outlines Minefield
3
The Countries of the World
4
Find the US States
5
Risky Map Clicking: Biggest States A-Z
6
US States
7
Popular People in 1961
8
Movies - When Are They Set?
More Music Quizzes
Billboard's #2 Song of the Year (1970-2019) (Clip)
Quiz Lab
Trending Quizzes
Risky Map Clicking: Least Populous States A-Z
USA Borders Longest to Shortest
1-10 Letter G Words
1-10 Letter F Words
Countries of the World: 200 Million BC
Recently Updated
Leaping Animals
pecheneg
Reality TV Shows (A-Z)
bhenderson79
Rickey Henderson's Hall of Fame Teammates
pecheneg
Champions League XIs: Arsenal
pecheneg
Quick Pick: Celebrities in WWE's Hall of Fame
aduchscher
A-Z Keypad Blitz II
pecheneg
Multiple Oscar Actors
pecheneg
Mystery Phrase Blitz: Oscar 'Best Actors'
pecheneg
F. Scott Fitzgerald Novels
LTH
Pick 3 Villains
ddd62291
Trending Topics
Anime
NBA
Marvel
Harry Potter
Disney
Crossword
Kpop
Pokémon
Puzzle
Song
The Office
Country
WWE
NFL
Soccer
Your Account Isn't Verified!
In order to create a playlist on Sporcle, you need to verify the email address you used during registration. Go to your
Sporcle Settings
to finish the process.
Report this User
Report this user for behavior that violates our
Community Guidelines
.
Details:
Send Report
Go to the Sporcle.com Mobile Site →
Comments